header

Millions Of Cats (Record no. 262385)

MARC details
000 -LEADER
fixed length control field 00208nam a22000977a 4500
020 ## - INTERNATIONAL STANDARD BOOK NUMBER
ISBN 0698200918
100 ## - MAIN ENTRY--AUTHOR NAME
Personal name Wanda Gag
245 ## - TITLE STATEMENT
Title Millions Of Cats
260 ## - PUBLICATION, DISTRIBUTION, ETC. (IMPRINT)
Place of publication New York
Name of publisher Coward McCann
Year of publication 1928
942 ## - ADDED ENTRY ELEMENTS (KOHA)
Koha item type Long Loan Books
Holdings
Withdrawn status Lost status Collection code Home library Current library Shelving location Date acquired Accession Number Koha item type
    Fiction Rongo University Library Rongo University Library Children's Area 16/01/2024 CL20211425 Long Loan Books

© 2026 Rongo University
Contact us: librarian | system librarian | Rongo university